Countries of the World - 3:30 Sprint - Statistics

General Stats
  • This quiz has been taken 123 times
  • The average score is 103 of 196
Answers on the Map
Answers color-coded by a green-red scale on the quiz's map according to % correct below.
 
Answer Stats
Country % Correct
Brazil
100%
Canada
100%
United States
100%
Mexico
98%
Russia
98%
United Kingdom
96%
Argentina
94%
Finland
92%
Peru
92%
Spain
92%
Chile
90%
China
90%
Colombia
90%
France
90%
India
90%
Ireland
88%
Italy
88%
Norway
88%
Denmark
85%
Mongolia
85%
Sweden
85%
Ukraine
83%
Australia
81%
Japan
81%
Germany
77%
Iceland
77%
Portugal
77%
Turkey
77%
Kazakhstan
75%
Poland
75%
Thailand
75%
Algeria
73%
Bolivia
73%
Iran
73%
Panama
73%
Uruguay
73%
Cuba
71%
Iraq
71%
Pakistan
71%
Paraguay
71%
Venezuela
71%
Ecuador
69%
Egypt
69%
Guyana
69%
Indonesia
69%
Nepal
69%
Vietnam
69%
Greece
67%
Laos
67%
Yemen
67%
Dominican Republic
65%
Mali
65%
New Zealand
65%
Romania
65%
Suriname
65%
Democratic Republic of the Congo
63%
Oman
63%
Bhutan
60%
Chad
60%
Estonia
60%
Libya
60%
Morocco
60%
Saudi Arabia
60%
Croatia
58%
Guatemala
58%
Haiti
58%
Honduras
58%
Latvia
58%
Myanmar
58%
South Africa
58%
Austria
56%
Belarus
56%
Hungary
56%
Jamaica
56%
Malaysia
56%
Republic of the Congo
56%
South Korea
56%
Sudan
56%
Belgium
54%
Cambodia
54%
Israel
54%
North Korea
54%
Syria
54%
Tunisia
54%
United Arab Emirates
54%
Vatican City
54%
Bangladesh
52%
Belize
52%
Costa Rica
52%
Dominica
52%
Lithuania
52%
Nicaragua
52%
Niger
52%
Serbia
52%
Tonga
52%
Afghanistan
50%
Bosnia and Herzegovina
50%
Bulgaria
50%
Czechia
50%
Sri Lanka
50%
Armenia
48%
Central African Republic
48%
Madagascar
48%
Netherlands
48%
Palau
48%
San Marino
48%
Switzerland
48%
Bahamas
46%
Brunei
46%
El Salvador
46%
Georgia
46%
Jordan
46%
Malta
46%
Nigeria
46%
Papua New Guinea
46%
Slovenia
46%
Togo
46%
Angola
44%
Eritrea
44%
Ethiopia
44%
Ghana
44%
Kosovo
44%
Monaco
44%
Saint Kitts and Nevis
44%
Saint Lucia
44%
Saint Vincent and the Grenadines
44%
Samoa
44%
Uzbekistan
44%
Kuwait
42%
Maldives
42%
Nauru
42%
Qatar
42%
Slovakia
42%
Taiwan
42%
Andorra
40%
Bahrain
40%
Benin
40%
Gambia
40%
Lebanon
40%
Malawi
40%
Philippines
40%
Somalia
40%
South Sudan
40%
Vanuatu
40%
Albania
38%
Antigua and Barbuda
38%
Barbados
38%
Cyprus
38%
Grenada
38%
Kenya
38%
Montenegro
38%
Namibia
38%
North Macedonia
38%
Singapore
38%
Tuvalu
38%
Zambia
38%
Fiji
35%
Gabon
35%
Kyrgyzstan
35%
Luxembourg
35%
Mauritania
35%
Moldova
35%
Senegal
35%
Trinidad and Tobago
35%
Turkmenistan
35%
Liechtenstein
33%
Tajikistan
33%
Federated States of Micronesia
31%
Guinea
31%
Kiribati
31%
Azerbaijan
29%
Cameroon
29%
Mozambique
29%
Tanzania
29%
Uganda
29%
Cape Verde
27%
East Timor
27%
Liberia
27%
Zimbabwe
27%
Burundi
25%
Solomon Islands
25%
Eswatini
23%
Lesotho
23%
Rwanda
23%
São Tomé and Príncipe
23%
Botswana
21%
Comoros
21%
Djibouti
21%
Marshall Islands
21%
Seychelles
21%
Burkina Faso
19%
Guinea-Bissau
19%
Sierra Leone
19%
Equatorial Guinea
13%
Ivory Coast
13%
Mauritius
13%
No matching quizzes found
Score Distribution
Percent of People with Each Score
Percentile by Number Answered
Your Score History
You have not taken this quiz